| 000 | 00644nam a22001937a 4500 | ||
|---|---|---|---|
| 003 | Nust | ||
| 005 | 20241101134359.0 | ||
| 008 | 170216b xxu||||| |||| 00| 0 eng d | ||
| 040 | _cNust-MCE | ||
| 082 | _a200 | ||
| 100 |
_aSadiq, Muhammad Yousaf _950753 |
||
| 245 |
_aImplementation of six sigma in construction industry of Pakistan/ _cMuhammad Yousaf Sadiq, |
||
| 260 |
_aMCE, _bMCE, _c2015. |
||
| 300 |
_a89p. _bill. _c28cm. |
||
| 648 |
_xMS-Construction Engineering and Management _9126708 |
||
| 700 |
_aSupervisor Dr. Mazhar Iqbal Arshad _9126709 |
||
| 856 | _u http://10.250.8.41:8080/xmlui/handle/123456789/11810 | ||
| 942 |
_cSC _2ddc |
||
| 999 |
_c232184 _d232184 |
||